| 000 | 00703cam a22002531 4500 | ||
|---|---|---|---|
| 001 | 3601003 | ||
| 003 | BD-DhUL | ||
| 005 | 20170423152959.0 | ||
| 008 | 700427s1968 gw h 000 0 eng | ||
| 010 | _a 70381940 | ||
| 015 | _aGDB*** | ||
| 020 | _a0374518173 | ||
| 040 |
_aDLC _cDLC _dDLC _dBD-DhUL |
||
| 050 | 0 | 0 |
_aPR3316 _b.B5 1968 |
| 082 | 0 | 0 |
_a821.54 _bBIC |
| 100 | 1 |
_aBeaumont, Joseph _d1616-1699. |
|
| 240 | 1 | 0 | _aPoems |
| 245 | 1 | 4 |
_aThe complete poems : _b1927-1979 / |
| 260 |
_aHildesheim, _bOlms, _c1979. |
||
| 300 |
_a287 p. : _bfacsims. _c23 cm. |
||
| 700 | 1 |
_aGrosart, Alexander Balloch, _d1827-1899, _eed. |
|
| 906 |
_a7 _bcbc _corignew _du _encip _f19 _gy-gencatlg |
||
| 942 |
_2ddc _cREF |
||
| 999 |
_c191263 _d191263 |
||